000 01095 a2200229 4500
020 _a0135311128
020 _a9780135311127
082 0 4 _a658.45
090 _c3878
_d3878
100 1 _aLahiff, James M.
245 1 0 _aBusiness communication :
_bstrategies and skills /
_cJames M. Lahiff.
250 _a5th ed.
260 _a[S.l.] :
_bPrentice Hall,
_c1996.
300 _a634 p. ;
_c27 cm.
500 _aHardcover.
520 _aFor courses in Business Communication. *Designed with the new managerial expectations in mind, this student-friendly introduction to business communication focuses on the most consequential aspects of communication. *It enhances the readers' competitive edge in the workplace enabling them to "hit the ground running" and contribute to their organization immediately.
700 1 _aPenrose, John M.
700 1 _aHuseman, Richard C.
856 4 0 _3Amazon.com
_uhttp://www.amazon.com/exec/obidos/ASIN/0135311128/chopaconline-20
856 4 0 _3Amazon customer reviews
_uhttp://www.chopac.org/cgi-bin/tools/azrev.pl?q=0135311128
942 _aNBS
_cBK
_k658.45 LAH
999 _c346339
_d346339